000 00646nam a22002057a 4500
999 _c10820
_d10820
003 AR-CdUCM
008 190402b ||||| |||| 00| 0 spa d
040 _aMUNICIPALIDAD PROVINCIAL DEL CUSCO
_cBIBLIOTECA MUNICIPAL DEL CUSCO
082 _aEP / 372.510 /
_bF76
100 _aFornes, Martin
_927863
245 _aFlash matematicas activas /
260 _aBarcelona :
_bM. G. Sirvensae,
300 _a47 paginas ;
_bilustraciones, graficos, dibujos, cuadros,
_c21 cm.
500 _aLibro de matematica para niños
650 _aMatematica
_920026
650 _aNiños
_99390
650 _aLibro
_921916
942 _2ddc
_cLIBROS
945 _apjha